| 000 | 00308nam a22001097a 4500 | ||
|---|---|---|---|
| 008 | 140917b xxu||||| |||| 00| 0 eng d | ||
| 245 | _aJournal of Agricultural and environmental ethics. / | ||
| 260 |
_aGainsville: _bKluwer pub., _c2001. |
||
| 300 |
_a127p. _c24cm. |
||
| 440 | _vVol. 14, No. 1 | ||
| 942 |
_2lcc _cBK |
||
| 999 |
_c4907 _d12407 |
||